Splatter /

Saved in:
Bibliographic Details
Main Author: Macrì, Teresa (Author)
Format: Book
Language:Italian
Published: Viterbo : Stampa Alternativa, 1993
Series:Millelire
Tags: Add Tag
No Tags, Be the first to tag this record!

MARC

LEADER 00000nam a22000007i 4500
001 IT\ICCU\UBO\3030588
003 ItRI
005 20260115232401.0
008 060731s1993 it |||||| ||||| |||||c
040 |b ita  |c importazione bologna sebina 
041 7 |a ita  |2 ISO-639-2 
100 1 |a Macrì, Teresa  |0 IT\ICCU\RMLV\032115  |4 aut 
245 1 0 |a Splatter /  |c Teresa Macrì. 
260 |a Viterbo :  |b Stampa Alternativa,  |c 1993 
300 |a 28 p. ;  |c 14 cm 
500 |a Ed.speciale a cura della Libreria Giolitti in collaborazione con il Fantafestival 1993. 
830 0 |a Millelire  |0 IT\ICCU\RAV\0186200 
942 |2 ddc  |c BK  |n 0 
952 |0 0  |1 0  |4 0  |6 DOC_791_436000000000000_MAC  |7 0  |9 25185  |a BO  |b BO  |d 2026-01-15  |i 9107  |l 0  |o DOC 791.436 MAC  |p BO9107  |r 2026-01-15 23:24:01  |w 2026-01-15  |x [Sebina 5] [1 v.]  |y BK  |z 1 v. 
999 |c 21404  |d 21404